Manual del director de cine /

Guardado en:
Autor Principal: Polverino, Leonardo
Formato: Libro
Publicado: Buenos Aires : Libertador, 2007
Materias:
Etiquetas: Agregar Etiqueta
Sin Etiquetas, Sea el primero en etiquetar este registro!
LEADER 00640nam a22002295a 4500
001 CEM.cems013119
005 20090511092051.0
008 130507s2007##################000#0#####d
003 CEMS
020 |a 9789872293161 
082 0 4 |a 778.53 
100 1 |a Polverino, Leonardo 
245 1 0 |a Manual del director de cine /  |c Leonardo Polverino 
260 |a Buenos Aires :  |b Libertador,  |c 2007 
300 |a 192 p. 
505 0 |a Técnica -- Arte -- Industria 
653 |a Cine 
653 |a Cine-director 
653 |a Cine-técnica 
653 |a Cine-arte 
653 |a Cine-industria 
859 |a CEMS  |b BIB. CEMS - 11 de abril  |h 778.53  |i P769  |p 25558.09  |t Ej.1